Statistics for Top 50 Largest Cities In Washington

Click here to take the quiz!

General Stats

  • This quiz has been taken 29 times
    (10 since last reset)
  • The average score is 42 of 50

Answer Stats

HintPopulationCity% Correct
Home to the Largest Outlet Mall in the State92,380Auburn
100%
T-Mobile Is Headquartered Here160,701Bellevue
100%
Approximately 20 Miles From Canadian Border, Most Northernmost 90k+ City in the U.S.94,662Bellingham
100%
Home to a Naval Shipyard45,239Bremerton
100%
Home to the World's Largest Building (owned by Boeing)112,912Everett
100%
Largest of the "Tri Cities" of Southeastern WA86,921Kennewick
100%
Lettuce Capital of the World; The Thunderbirds Play Here149,842Kent
100%
Famous For Paint, Paper, Wood, Aluminum and Food-Processing Industries38,169Longview
100%
Known as the "Strawberry City"73,921Marysville
100%
State Capital58,344Olympia
100%
Home of the WA State Fair44,758Puyallup
100%
The Only Top Golf Location in Washington Can Be Found Here111,543Renton
100%
Home to the Largest and Busiest Airport in WA32,816SeaTac
100%
Largest; Home to the Mariners, Seahawks, Kraken and Sounders775,523Seattle
100%
Birthplace of Father's Day, "Lilac City"235,010Spokane
100%
#2 City's Largest Suburb, Incorporated in 2003106,942Spokane Valley
100%
It's Narrows Bridge Collapsed November 7, 1940225,631Tacoma
100%
Shares It's Name With The Largest City in British Columbia, Canada199,651Vancouver
100%
Sweet Onions34,759Walla Walla
100%
Apple Capital of the World36,582Wenatchee
100%
Home of Miner's Drive In, Known For Agricultural Production98,738Yakima
100%
Shares It's Name With an Island of the Same Name25,365Bainbridge Island
83%
Located Between #1 and The Largest Airport in WA57,691Burien
83%
Shares its Name with Iowa's Capital33,854Des Moines
83%
Home to Wild Waves104,546Federal Way
83%
Costco Is Currently Headquartered Here42,937Issaquah
83%
Birthplace of "____ air" and "____ camera"24,949Kenmore
83%
Shares Same Name with Costco's Generic Brand, Costco Was Originally Headquartered Here105,192Kirkland
83%
Is Often Grouped Together With The State Capital56,865Lacey
83%
Chris Pratt is Graduated From High School Here37,898Lake Stevens
83%
I-90 Goes through here; City Between #1 and #526,663Mercer Island
83%
Home to the Skagit Valley Tulip Festival36,263Mount Vernon
83%
It's The Largest City on the Largest Island in Washington25,387Oak Harbor
83%
Home to Sacajawea Historical State Park82,307Pasco
83%
WSU, Near Southeastern Corner of Washington33,831Pullman
83%
Located Near the Hanford Nuclear Plant64,310Richland
83%
Shares its Name With a Lake to the West73,959Sammamish
83%
This City is Partly in King County, and Partly in Snohomish County52,559Bothell
67%
Named 32nd Best Place to Live in the U.S. in 2022 by Money.com28,078Camas
67%
3rd Most Populous City in Snohomish County, Located Between #1 and #743,795Edmonds
67%
Home to Fort Steilacoom Park65,247Lakewood
67%
Largest City in Grant County26,580Moses Lake
67%
Microsoft and Nintendo are Headquartered Here78,989Redmond
67%
Has a Community College With The Same Name60,288Shoreline
67%
Home to the Southcenter Mall, One of the Most Dangerous Cities in the U.S.22,605Tukwila
67%
Chinook Word for "A Waterfall"27,744Tumwater
67%
The New Masterplanned Community of Tehaleh Is Located Near This City24,020Bonney Lake
50%
Home of the Alderwood Mall39,387Lynnwood
50%
A City in Southeast King County, Home to Lake Wilderness29,612Maple Valley
50%
Ironically, No College or University is Located in This City35,982University Place
50%

Score Distribution

Percentile by Number Answered

Percent of People with Each Score

Your Score History

You have not taken this quiz since the last reset